Statistics for World Cultures by Clue

Click here to take the quiz!

General Stats

  • This quiz has been taken 209 times
  • The average score is 9 of 22

Answer Stats

HintAnswer% Correct
Hollywood, Apple Pie, "Melting Pot"American
80%
Oktoberfest, Weihnachten, LutheransGerman
75%
Orthodox Christians, -opoulos, GyrosGreek
69%
Pubs, Black Pudding, Royal family, Boxing DayEnglish
61%
Matryoshka doll, St. Basil's Cathedral, DostoevskyRussian
60%
Klezmer, Matzah balls, Bat mitzvahsJewish
59%
Nunavut, Circumpolar Council, IgloosInuit
54%
Kielbasa, Krakow School of painting, Frederic ChopinPolish
52%
Andes mountains, Quipus, Inti the Sun GodInca
51%
Caste system, Iglesia ni Christo, Tagalog languageFilipino
41%
African great lakes, Majority population, War vs.TutsisHutu
38%
Marae meeting house, Haka, Ta Moko tattoosMaori
35%
Euskara language, Food clubs & cider houses, NavarreBasque
32%
Han Chinese, Cooking style, Guangdong provinceCantonese
32%
Didgeridoo, Fire-stick farming, Mungo ManAustralian Aborigines
29%
Hokkaido, Full facial hair, Persecuted minorityAinu
26%
Swenkas, Gumboot dance, ShakaZulu
26%
Hogan dwelling, Squash Blossom necklaces, CodetalkersNavajo
24%
Arabian nomads, Sheikhs, Bisha'a ordealBedouin
20%
Fox mythology, Rug weaving, Ishak Pasha PalaceKurd
11%
Dhaanto, Pentatonic music, 5-pointed star of unitySomali
5%
Sufi doctrines and principles, Ajrak shawls, Cheti ChandSindhi
3%

Score Distribution

Percentile by Number Answered

Percent of People with Each Score

Your Score History

You have not taken this quiz